000 00628nam a22002297a 4500
003 UA-OsUOA
001 97612
007 ta
008 20130403b un ||||| |||| 00| 0 ukr d
100 _aНагишкин Д.
090 _a821.161.1
_bН16
942 _cBK
040 _aUA-OsUOA
_brus
_cUA-OsUOA
_dUA-OsUOA
245 _aСердце Бонивура
_bроман
300 _a528 с.
955 _a3
041 _arus
080 _a821.161.1
260 _aМ.
_bИздательство Досааф СССр
_c1987
650 7 _a82 Література. Літературознавство
_2UDC
999 _c383862
_d383862